बाधा / (Record no. 50165)
[ view plain ]
| 000 -LEADER | |
|---|---|
| fixed length control field | 01049nam a22002657a 4500 |
| 005 - DATE AND TIME OF LATEST TRANSACTION | |
| control field | 20110125140113.0 |
| 008 - FIXED-LENGTH DATA ELEMENTS--GENERAL INFORMATION | |
| fixed length control field | 110125t xxu||||| |||| 00| 0 mar d |
| 010 ## - LCCN (DPL NO) | |
| LC control number | MAR-20515 |
| 020 ## - INTERNATIONAL STANDARD BOOK NUMBER | |
| International Standard Book Number | 9788174345165 |
| Terms of availability | 150.00 |
| 035 ## - SYSTEM CONTROL NUMBER | |
| System control number | MR-13173 |
| 037 ## - SOURCE OF ACQUISITION | |
| Source of stock number/acquisition | DBAD / PUB |
| 040 ## - CATALOGING SOURCE | |
| Original cataloging agency | DPL |
| Language of cataloging | MR |
| 082 ## - DEWEY DECIMAL CLASSIFICATION NUMBER | |
| Classification number | 891.463 |
| 100 ## - MAIN ENTRY--PERSONAL NAME | |
| 9 (RLIN) | 25582 |
| 245 ## - TITLE STATEMENT | |
| Title | बाधा / |
| Statement of responsibility, etc | मधुकर धर्मापुरीकर द्वारा संपादित |
| 246 ## - VARYING FORM OF TITLE | |
| Title proper/short title | Baadha |
| 260 ## - PUBLICATION, DISTRIBUTION, ETC. (IMPRINT) | |
| Place of publication, distribution, etc | राजहँस प्रकाशन |
| Name of publisher, distributor, etc | पुणे |
| Date of publication, distribution, etc | 2010 |
| 270 ## - ADDRESS | |
| Address | 1025,सदाशिव पेठ |
| City | पुणे |
| Postal code | 411030 |
| 300 ## - PHYSICAL DESCRIPTION | |
| Extent | 165पृ |
| Dimensions | 21सेमी (अजिल्द) |
| 700 ## - ADDED ENTRY--PERSONAL NAME | |
| 9 (RLIN) | 25583 |
| Personal name | धर्मापुरीकर,मधुकर |
| 700 ## - ADDED ENTRY--PERSONAL NAME | |
| 9 (RLIN) | 25646 |
| 700 ## - ADDED ENTRY--PERSONAL NAME | |
| 9 (RLIN) | 25587 |
| 942 ## - ADDED ENTRY ELEMENTS (KOHA) | |
| Source of classification or shelving scheme | Dewey Decimal Classification |
| Item type | Marathi Books |
| Classification part | 891.46301 |
| Call number suffix | बाधाम |
| Withdrawn status | Lost status | Source of classification or shelving scheme | Damaged status | Not for loan | Collection code | Home library | Current library | Date acquired | Source of acquisition | Cost, normal purchase price | Total Checkouts | Full call number | Barcode | Date last seen | Copy number | Cost, replacement price | Koha item type |
|---|---|---|---|---|---|---|---|---|---|---|---|---|---|---|---|---|---|
| Dewey Decimal Classification | Not For Loan | Fiction | D.B.Act.Division | D.B.Act.Division | 28/01/2011 | DBAD / PUB | 150.00 | 891.46301 बाधाम | MR-13173 | 28/01/2011 | 1 | 150.00 | Marathi Books |
